<?xml version="1.0" encoding="UTF-8"?>
<record
    xmlns:xsi="http://www.w3.org/2001/XMLSchema-instance"
    xsi:schemaLocation="http://www.loc.gov/MARC21/slim http://www.loc.gov/standards/marcxml/schema/MARC21slim.xsd"
    xmlns="http://www.loc.gov/MARC21/slim">

  <leader>03266nam a2200529 i 4500</leader>
  <controlfield tag="003">DO-SdBNP</controlfield>
  <controlfield tag="005">20251009103211.0</controlfield>
  <controlfield tag="007">ta</controlfield>
  <controlfield tag="008">110301s2021    dr ao         000 0 spa d</controlfield>
  <datafield tag="020" ind1=" " ind2=" ">
    <subfield code="a">9789945931600</subfield>
  </datafield>
  <datafield tag="040" ind1=" " ind2=" ">
    <subfield code="a">DO-SdBNP</subfield>
    <subfield code="b">spa</subfield>
    <subfield code="c">BNPHU</subfield>
    <subfield code="e">rda</subfield>
  </datafield>
  <datafield tag="082" ind1=" " ind2="4">
    <subfield code="a">338.477</subfield>
    <subfield code="b">D671c</subfield>
    <subfield code="2">22</subfield>
  </datafield>
  <datafield tag="245" ind1="0" ind2="0">
    <subfield code="a">Dominicana creativa :</subfield>
    <subfield code="b"> talento en la econom&#xED;a naranja = talent in the orange economy = talent dans l&#xB4;economie orange /</subfield>
    <subfield code="c">Mar&#xED;a Amalia Le&#xF3;n ... [et al.] ; presentaci&#xF3;n Christopher Paniagua ; edici&#xF3;n Victor Siladi ; traducci&#xF3;n al ingl&#xE9;s, Amanda Livoti ; traducci&#xF3;n al franc&#xE9;s, Mayra C. Pichardo ; pr&#xF3;logo Julio S&#xE1;nchez Mar&#xED;&#xF1;ez </subfield>
  </datafield>
  <datafield tag="246" ind1="3" ind2="3">
    <subfield code="a">Dominicana creativa :</subfield>
    <subfield code="b">talent in the orange economy </subfield>
  </datafield>
  <datafield tag="246" ind1="3" ind2="3">
    <subfield code="a">Dominicana creativa :</subfield>
    <subfield code="b"> talent dans l&#xB4;economie orange </subfield>
  </datafield>
  <datafield tag="264" ind1=" " ind2=" ">
    <subfield code="a">Santo Domingo :</subfield>
    <subfield code="b">Banco Popular,</subfield>
    <subfield code="c">2019.</subfield>
  </datafield>
  <datafield tag="300" ind1=" " ind2=" ">
    <subfield code="a">450 p&#xE1;ginas :</subfield>
    <subfield code="b">ilustraciones y fotos ;</subfield>
    <subfield code="c">32 cm.</subfield>
  </datafield>
  <datafield tag="336" ind1=" " ind2=" ">
    <subfield code="a">texto</subfield>
    <subfield code="2">rdacontent</subfield>
    <subfield code="b">txt</subfield>
  </datafield>
  <datafield tag="337" ind1=" " ind2=" ">
    <subfield code="2">rdamedia</subfield>
    <subfield code="a">sin mediaci&#xF3;n</subfield>
    <subfield code="b">nc</subfield>
  </datafield>
  <datafield tag="338" ind1=" " ind2=" ">
    <subfield code="2">rdacarrier</subfield>
    <subfield code="a">volumen</subfield>
    <subfield code="b">nc</subfield>
  </datafield>
  <datafield tag="500" ind1=" " ind2=" ">
    <subfield code="a">Libro en espa&#xF1;ol, ingles y franc&#xE9;s. </subfield>
  </datafield>
  <datafield tag="505" ind1="0" ind2=" ">
    <subfield code="a">Presentaci&#xF3;n /</subfield>
    <subfield code="r">Chistopher Paniagua--</subfield>
    <subfield code="g">Ministerio de Industria, Comercio y Mipymes (MICM) /</subfield>
    <subfield code="r">V&#xED;ctor Orlando Bison&#xF3; Haza --</subfield>
    <subfield code="g">Pr&#xF3;logo /</subfield>
    <subfield code="r">Julio S&#xE1;nchez Mar&#xED;&#xF1;ez --</subfield>
    <subfield code="g">Introducci&#xF3;n /</subfield>
    <subfield code="r">Manuel Garc&#xED;a Ar&#xE9;valo --</subfield>
    <subfield code="g">Cinematograf&#xED;a--</subfield>
    <subfield code="t">El cine: vida y refugio en cada tormenta /</subfield>
    <subfield code="r">Albert Mart&#xED;nez Mart&#xED;n --</subfield>
    <subfield code="g">Arquitectura --</subfield>
    <subfield code="t">el color naranja: urbanismo y arquitectura /</subfield>
    <subfield code="r">Juan Mubarak --</subfield>
    <subfield code="g">Moda --</subfield>
    <subfield code="t">La moda: pasi&#xF3;n y legado de Jenny Polanco /</subfield>
    <subfield code="r">Carla Qui&#xF1;ones Polanco /</subfield>
    <subfield code="g">Gesti&#xF3;n cultural --</subfield>
    <subfield code="t">Acompa&#xF1;ar y exponer la cultura /</subfield>
    <subfield code="r">Mar&#xED;a Amalia Le&#xF3;n--</subfield>
    <subfield code="g">Dise&#xF1;o --</subfield>
    <subfield code="t">Los cimientos de una fuerza cultural y creativa //</subfield>
    <subfield code="r">Dominique Bluhdorn, Stephen Kaplan --</subfield>
    <subfield code="g">Artesan&#xED;a --</subfield>
    <subfield code="t">La artesan&#xED;a en su tiempo promisorio /</subfield>
    <subfield code="r">Ignacio Nova --</subfield>
    <subfield code="g">Gastronom&#xED;a --</subfield>
    <subfield code="t">Gastronom&#xED;a: pasi&#xF3;n, deleite y cultura /</subfield>
    <subfield code="r">Mar&#xED;a Marte--</subfield>
    <subfield code="g">Audiovisuales --</subfield>
    <subfield code="t">La radio y la televisi&#xF3;n: una red de talentos /</subfield>
    <subfield code="r">Edilenia Tactuk /</subfield>
    <subfield code="g">Publicidad --</subfield>
    <subfield code="t">Publicidad y branding /</subfield>
    <subfield code="r">Felipe Pag&#xE9;s /</subfield>
    <subfield code="g">Tecnolog&#xED;a --</subfield>
    <subfield code="t">Econom&#xED;a naranja potenciada por la tecnolog&#xED;a /</subfield>
    <subfield code="r">Jos&#xE9; Armando Tavarez .</subfield>
  </datafield>
  <datafield tag="590" ind1=" " ind2=" ">
    <subfield code="a">Inventariado, 2022/ YL</subfield>
  </datafield>
  <datafield tag="650" ind1=" " ind2="4">
    <subfield code="a">Arte</subfield>
    <subfield code="x">Aspectos economicos</subfield>
    <subfield code="z">Rep&#xFA;blica Dominicana</subfield>
    <subfield code="9">82904</subfield>
  </datafield>
  <datafield tag="650" ind1=" " ind2="4">
    <subfield code="a">Econom&#xED;a creativa </subfield>
    <subfield code="9">82905</subfield>
  </datafield>
  <datafield tag="650" ind1=" " ind2="4">
    <subfield code="a">Industria cultural </subfield>
    <subfield code="x">Aspectos econ&#xF3;micos </subfield>
    <subfield code="z">Rep&#xFA;blica Dominicana</subfield>
    <subfield code="9">82906</subfield>
  </datafield>
  <datafield tag="650" ind1=" " ind2="4">
    <subfield code="a">Cultura</subfield>
    <subfield code="x">Aspectos econ&#xF3;micos</subfield>
    <subfield code="9">83792</subfield>
  </datafield>
  <datafield tag="700" ind1="1" ind2=" ">
    <subfield code="a">Siladi, V&#xED;ctor</subfield>
    <subfield code="e">ed.</subfield>
    <subfield code="9">73802</subfield>
  </datafield>
  <datafield tag="700" ind1="1" ind2=" ">
    <subfield code="a">Paniagua, Christopher</subfield>
    <subfield code="e">pres.</subfield>
    <subfield code="9">82907</subfield>
  </datafield>
  <datafield tag="700" ind1="1" ind2=" ">
    <subfield code="a">S&#xE1;nchez Mar&#xED;&#xF1;ez, Julio </subfield>
    <subfield code="e">prol.</subfield>
    <subfield code="9">1591</subfield>
  </datafield>
  <datafield tag="700" ind1="1" ind2=" ">
    <subfield code="a">Garc&#xED;a Ar&#xE9;valo, Manuel</subfield>
    <subfield code="e">intr.</subfield>
    <subfield code="9">82908</subfield>
  </datafield>
  <datafield tag="700" ind1="1" ind2="2">
    <subfield code="a">Livoti, Amanda</subfield>
    <subfield code="e">trad.</subfield>
    <subfield code="9">82909</subfield>
  </datafield>
  <datafield tag="700" ind1="1" ind2=" ">
    <subfield code="a">Pichardo, Mayra C.</subfield>
    <subfield code="e">trad.</subfield>
    <subfield code="9">82910</subfield>
  </datafield>
  <datafield tag="700" ind1="1" ind2=" ">
    <subfield code="a">Mart&#xED;nez Martin, Albert</subfield>
    <subfield code="9">82911</subfield>
  </datafield>
  <datafield tag="700" ind1="1" ind2=" ">
    <subfield code="a">Mubarak, Juan</subfield>
    <subfield code="9">76030</subfield>
  </datafield>
  <datafield tag="700" ind1="1" ind2=" ">
    <subfield code="a">Qui&#xF1;ones Polanco, Carla</subfield>
    <subfield code="9">82912</subfield>
  </datafield>
  <datafield tag="700" ind1="1" ind2=" ">
    <subfield code="a">Le&#xF3;n, Mar&#xED;a Amalia</subfield>
    <subfield code="9">57578</subfield>
  </datafield>
  <datafield tag="700" ind1="1" ind2=" ">
    <subfield code="a">Bluhdorn, Dominique</subfield>
    <subfield code="9">82913</subfield>
  </datafield>
  <datafield tag="700" ind1="1" ind2=" ">
    <subfield code="a">Kaplan, Stephen</subfield>
    <subfield code="9">82914</subfield>
  </datafield>
  <datafield tag="700" ind1="1" ind2=" ">
    <subfield code="a">Nova, Ignacio</subfield>
    <subfield code="9">55088</subfield>
  </datafield>
  <datafield tag="700" ind1="1" ind2=" ">
    <subfield code="a">Marte, Mar&#xED;a</subfield>
    <subfield code="9">82915</subfield>
  </datafield>
  <datafield tag="700" ind1="1" ind2=" ">
    <subfield code="a">Tactuk, Edilenia</subfield>
    <subfield code="9">82916</subfield>
  </datafield>
  <datafield tag="700" ind1="1" ind2=" ">
    <subfield code="a">Pag&#xE9;s, Felipe</subfield>
    <subfield code="9">75517</subfield>
  </datafield>
  <datafield tag="700" ind1="1" ind2=" ">
    <subfield code="a">Tavarez, Jos&#xE9; Armando</subfield>
    <subfield code="9">82917</subfield>
  </datafield>
  <datafield tag="910" ind1=" " ind2=" ">
    <subfield code="a">YLockward. Validado. Control de calidad/MAA</subfield>
  </datafield>
  <datafield tag="942" ind1=" " ind2=" ">
    <subfield code="2">ddc</subfield>
    <subfield code="c">LBS1</subfield>
  </datafield>
  <datafield tag="952" ind1=" " ind2=" ">
    <subfield code="0">0</subfield>
    <subfield code="1">0</subfield>
    <subfield code="2">ddc</subfield>
    <subfield code="5">1</subfield>
    <subfield code="7">0</subfield>
    <subfield code="8">PD</subfield>
    <subfield code="a">BNPHU</subfield>
    <subfield code="b">BNPHU</subfield>
    <subfield code="c">CT</subfield>
    <subfield code="d">2021-12-10</subfield>
    <subfield code="e">Donaci&#xF3;n</subfield>
    <subfield code="o">BNPHU PD 338.470705 D671c</subfield>
    <subfield code="p">2022-5789</subfield>
    <subfield code="r">2022-11-29</subfield>
    <subfield code="w">2022-11-29</subfield>
    <subfield code="y">LBS1</subfield>
  </datafield>
  <datafield tag="952" ind1=" " ind2=" ">
    <subfield code="0">0</subfield>
    <subfield code="1">0</subfield>
    <subfield code="2">ddc</subfield>
    <subfield code="5">1</subfield>
    <subfield code="7">0</subfield>
    <subfield code="8">PD</subfield>
    <subfield code="a">BNPHU</subfield>
    <subfield code="b">BNPHU</subfield>
    <subfield code="c">CT</subfield>
    <subfield code="d">2021-12-10</subfield>
    <subfield code="e">Donaci&#xF3;n</subfield>
    <subfield code="o">BNPHU PD 338.470705 D671c</subfield>
    <subfield code="p">2022-5790</subfield>
    <subfield code="r">2022-11-29</subfield>
    <subfield code="t">e. 2</subfield>
    <subfield code="w">2022-11-29</subfield>
    <subfield code="y">LBS1</subfield>
  </datafield>
  <datafield tag="952" ind1=" " ind2=" ">
    <subfield code="0">0</subfield>
    <subfield code="1">0</subfield>
    <subfield code="2">ddc</subfield>
    <subfield code="5">6</subfield>
    <subfield code="7">0</subfield>
    <subfield code="8">DS</subfield>
    <subfield code="a">BNPHU</subfield>
    <subfield code="b">BNPHU</subfield>
    <subfield code="c">CT</subfield>
    <subfield code="d">2021-12-10</subfield>
    <subfield code="e">Donaci&#xF3;n</subfield>
    <subfield code="o">BNPHU DS 338.470705 D671c</subfield>
    <subfield code="p">2022-5791</subfield>
    <subfield code="r">2022-11-29</subfield>
    <subfield code="t">e. 3</subfield>
    <subfield code="w">2022-11-29</subfield>
    <subfield code="y">LBS1</subfield>
  </datafield>
  <datafield tag="952" ind1=" " ind2=" ">
    <subfield code="0">0</subfield>
    <subfield code="1">0</subfield>
    <subfield code="2">ddc</subfield>
    <subfield code="7">5</subfield>
    <subfield code="a">BNPHU</subfield>
    <subfield code="b">BNPHU</subfield>
    <subfield code="c">HD</subfield>
    <subfield code="d">2025-10-09</subfield>
    <subfield code="l">0</subfield>
    <subfield code="o">BNPHU DS 338.477 D671c</subfield>
    <subfield code="p">2025-11397</subfield>
    <subfield code="r">2025-10-09</subfield>
    <subfield code="t">e.4</subfield>
    <subfield code="w">2025-10-09</subfield>
    <subfield code="y">LBS1</subfield>
  </datafield>
  <datafield tag="999" ind1=" " ind2=" ">
    <subfield code="c">53019</subfield>
    <subfield code="d">53019</subfield>
  </datafield>
</record>
